[Event "BL2-West 9798"]
[Site "Germany"]
[Date "1998.??.??"]
[Round "?.6"]
[White "Matthaei, Alexander"]
[Black "Straeter, Timo"]
[Result "1-0"]
[WhiteElo "2380"]
[BlackElo "2300"]
[PlyCount "65"]
[EventDate "1997.10.??"]
[EventType "team-tourn"]
[EventRounds "9"]
[EventCountry "GER"]
[SourceTitle "EXT 1999"]
[Source "ChessBase"]
[SourceDate "1998.11.16"]
[SourceVersion "1"]
[SourceVersionDate "1998.11.16"]
[SourceQuality "1"]
[WhiteTeam "Koeln Porz II"]
[BlackTeam "Wattenscheid"]
[WhiteTeamCountry "GER"]
[BlackTeamCountry "GER"]

1. e4 e5 2. Nf3 Nc6 3. d4 exd4 4. Nxd4 Bc5 5. Be3 Qf6 6. c3 Nge7 7. Nc2 Bxe3 8. Nxe3 d6 9. g3 h5 10. Bg2 h4 11. Nd2 Be6 12. Nd5 Bxd5 13. exd5 Ne5 14. Qa4+ Kf8 15. Ke2 h3 16. Be4 Re8 17. f4 Ng4 18. Qd7 Nf5 19. Kf3 Nd4+ 20. cxd4 Qxd4 21. Kxg4 Qxd2 22. Rad1 Qe2+ 23. Bf3 Qc2 24. Qf5 Qxb2 25. Rhe1 Rxe1 26. Rxe1 g6 27. Qc8+ Kg7 28. Qxc7 Qxh2 29. Qc3+ Kh7 30. Qf6 Qf2 31. Qxf7+ Kh6 32. Re6 Qc2 33. f5 1-0

[Event "BL2-West 9798"]
[Site "Germany"]
[Date "1998.??.??"]
[Round "?.7"]
[White "Matthaei, Alexander"]
[Black "Wolter, Kai"]
[Result "0-1"]
[WhiteElo "2380"]
[BlackElo "2270"]
[PlyCount "104"]
[EventDate "1997.10.??"]
[EventType "team-tourn"]
[EventRounds "9"]
[EventCountry "GER"]
[SourceTitle "EXT 1999"]
[Source "ChessBase"]
[SourceDate "1998.11.16"]
[SourceVersion "1"]
[SourceVersionDate "1998.11.16"]
[SourceQuality "1"]
[WhiteTeam "Koeln Porz II"]
[BlackTeam "Muenster"]
[WhiteTeamCountry "GER"]
[BlackTeamCountry "GER"]

1. e4 c5 2. Nf3 e6 3. d4 cxd4 4. Nxd4 Nc6 5. Nc3 Qc7 6. Be3 a6 7. Bd3 Nf6 8. 0-0 Ne5 9. h3 Bc5 10. Qe2 d6 11. f4 Ng6 12. f5 Ne5 13. Rae1 0-0 14. fxe6 fxe6 15. Nf3 Bd7 16. Nxe5 dxe5 17. Bxc5 Qxc5+ 18. Qe3 Qd4 19. Nd1 Rad8 20. Qxd4 exd4 21. e5 Nd5 22. Re4 Rxf1+ 23. Bxf1 Rc8 24. Rxd4 Rxc2 25. Bc4 Bc6 26. b4 Kf7 27. a3 Nb6 28. Bf1 Ra2 29. Rd3 Nc4 30. Ne3 Nxe5 31. Rc3 Ra1 32. Kf2 Ke7 33. Be2 Ra2 34. Nc2 Ba4 35. Nd4 Nc6 36. Nxc6+ Bxc6 37. Ke1 Bxg2 38. Rg3 Be4 39. Rxg7+ Kf6 40. Rg3 Ke5 41. Rb3 b5 42. Bg4 Bf5 43. Bf3 Kd4 44. Bb7 Bd3 45. Bxa6 e5 46. a4 Kc4 47. Bxb5+ Kxb3 48. Bxd3 h6 49. a5 Kxb4 50. a6 Kc3 51. Bb5 e4 52. Kd1 Kd4 0-1

[Event "BL2-West 9697"]
[Site "Germany"]
[Date "1997.??.??"]
[Round "?.8"]
[White "Koscielski, Janusch"]
[Black "Matthaei, Alexander"]
[Result "1-0"]
[WhiteElo "2185"]
[BlackElo "2385"]
[PlyCount "71"]
[EventDate "1996.10.??"]
[EventType "team-tourn"]
[EventRounds "9"]
[EventCountry "GER"]
[SourceTitle "GER-chT2"]
[Source "ChessBase"]
[SourceDate "1999.07.01"]
[SourceVersion "1"]
[SourceVersionDate "1999.07.01"]
[SourceQuality "1"]
[WhiteTeam "Herne Sodingen"]
[BlackTeam "Koeln Porz II"]
[WhiteTeamCountry "GER"]
[BlackTeamCountry "GER"]

1. e4 c5 2. Nf3 e6 3. d4 cxd4 4. Nxd4 Nf6 5. Nc3 d6 6. Be3 Nc6 7. f4 Qc7 8. Qf3 Be7 9. 0-0-0 0-0 10. g4 Nxd4 11. Bxd4 Qa5 12. f5 Nd7 13. h4 Ne5 14. Qg3 b5 15. Bxb5 Rb8 16. Ba4 Nd7 17. Bb3 Nc5 18. Bxc5 Qxc5 19. g5 exf5 20. Rd5 Qc6 21. Rg1 Be6 22. Rxf5 Bxf5 23. exf5 Rxb3 24. axb3 d5 25. f6 Bb4 26. Rd1 Rd8 27. Qf3 Bxc3 28. bxc3 Qc5 29. Kb2 a5 30. Rd4 Qd6 31. Qf4 Qc6 32. fxg7 Re8 33. h5 Kxg7 34. h6+ Kg6 35. c4 dxc4 36. Rd6+ 1-0

[Event "BL2-West 9798"]
[Site "Germany"]
[Date "1997.??.??"]
[Round "?.8"]
[White "Kruse, Herbert"]
[Black "Matthaei, Alexander"]
[Result "1-0"]
[WhiteElo "2205"]
[BlackElo "2380"]
[PlyCount "51"]
[EventDate "1997.10.??"]
[EventType "team-tourn"]
[EventRounds "9"]
[EventCountry "GER"]
[SourceTitle "EXT 1999"]
[Source "ChessBase"]
[SourceDate "1998.11.16"]
[SourceVersion "1"]
[SourceVersionDate "1998.11.16"]
[SourceQuality "1"]
[WhiteTeam "Enger Spenge"]
[BlackTeam "Koeln Porz II"]
[WhiteTeamCountry "GER"]
[BlackTeamCountry "GER"]

1. e4 c5 2. Nf3 d6 3. d4 cxd4 4. Nxd4 Nf6 5. Nc3 e6 6. g4 Nc6 7. g5 Nd7 8. Be3 Nb6 9. Qd2 Ne5 10. 0-0-0 Nec4 11. Bxc4 Nxc4 12. Qe2 Nxe3 13. Qxe3 a6 14. f4 Be7 15. h4 Qb6 16. f5 e5 17. Nd5 Qc5 18. b4 Qc4 19. Nb3 Bd8 20. Rhe1 Bd7 21. Nb6 Bxb6 22. Qxb6 Rc8 23. Rd2 Bc6 24. Kb2 Ke7 25. a4 f6 26. Na5 1-0

[Event "BL2-West 9697"]
[Site "Germany"]
[Date "1997.??.??"]
[Round "?.8"]
[White "Matthaei, Alexander"]
[Black "Morlo, Michael"]
[Result "1/2-1/2"]
[WhiteElo "2385"]
[BlackElo "2310"]
[PlyCount "40"]
[EventDate "1996.10.??"]
[EventType "team-tourn"]
[EventRounds "9"]
[EventCountry "GER"]
[SourceTitle "GER-chT2"]
[Source "ChessBase"]
[SourceDate "1999.07.01"]
[SourceVersion "1"]
[SourceVersionDate "1999.07.01"]
[SourceQuality "1"]
[WhiteTeam "Koeln Porz II"]
[BlackTeam "Schott Mainz"]
[WhiteTeamCountry "GER"]
[BlackTeamCountry "GER"]

1. e4 c5 2. Nf3 d6 3. d4 cxd4 4. Nxd4 Nf6 5. Nc3 Nc6 6. Be2 e5 7. Nb3 Be7 8. Bg5 Nxe4 9. Bxe7 Nxc3 10. Bxd8 Nxd1 11. Rxd1 Kxd8 12. Rxd6+ Ke7 13. Rd2 Bf5 14. c3 Rhd8 15. Bb5 Rxd2 16. Kxd2 Rd8+ 17. Ke2 Rd6 18. Nc5 Nd8 19. Bd3 Bxd3+ 20. Nxd3 f6 1/2-1/2

[Event "BL2-West 9697"]
[Site "Germany"]
[Date "1997.??.??"]
[Round "?.8"]
[White "Matthaei, Alexander"]
[Black "Wintzer, Joachim"]
[Result "1/2-1/2"]
[WhiteElo "2385"]
[BlackElo "2330"]
[PlyCount "124"]
[EventDate "1996.10.??"]
[EventType "team-tourn"]
[EventRounds "9"]
[EventCountry "GER"]
[SourceTitle "GER-chT2"]
[Source "ChessBase"]
[SourceDate "1999.07.01"]
[SourceVersion "1"]
[SourceVersionDate "1999.07.01"]
[SourceQuality "1"]
[WhiteTeam "Koeln Porz II"]
[BlackTeam "Godesberg"]
[WhiteTeamCountry "GER"]
[BlackTeamCountry "GER"]

1. e4 e6 2. d3 d5 3. Nd2 Nf6 4. g3 Nc6 5. Bg2 dxe4 6. dxe4 e5 7. Ngf3 Bc5 8. 0-0 0-0 9. Qe2 a5 10. Nc4 Qe7 11. Ne3 Nd4 12. Nxd4 exd4 13. Nc4 Bg4 14. Qd3 Nd7 15. a4 f6 16. Bd2 b6 17. Kh1 Rad8 18. Bf4 Bb4 19. f3 Nc5 20. Qe2 Be6 21. Bc1 d3 22. cxd3 Rxd3 23. Na3 Rfd8 24. Bf4 Bb3 25. Nb5 Ne6 26. Be3 Bc5 27. Bxc5 Nxc5 28. Rfc1 Bxa4 29. b4 axb4 30. Nxc7 Qxc7 31. Rxa4 Qd7 32. Rxb4 Qa7 33. Rcb1 R3d6 34. h3 Kh8 35. R4b2 h6 36. Kh2 Qc7 37. Qc4 Rb8 38. Rc2 Qd8 39. Qf7 Rd7 40. Qg6 Rd2 41. Rcc1 Nb3 42. Rg1 Qd3 43. Qh5 Nd4 44. Rbf1 Ra8 45. h4 Raa2 46. Qg4 Kh7 47. h5 Qb3 48. Qg6+ Kh8 49. Qe8+ Kh7 50. Qg6+ Kh8 51. Qe8+ Qg8 52. Qg6 Nc2 53. Rd1 Rxd1 54. Rxd1 Ne3 55. Rg1 Qe6 56. g4 b5 57. Kg3 Nxg2 58. Rxg2 Rxg2+ 59. Kxg2 b4 60. g5 hxg5 61. h6 gxh6 62. Qxh6+ Kg8 1/2-1/2

[Event "BL2-West 9697"]
[Site "Germany"]
[Date "1997.??.??"]
[Round "?.7"]
[White "Matthaei, Alexander"]
[Black "Wolter, Kai"]
[Result "1-0"]
[WhiteElo "2385"]
[BlackElo "2290"]
[PlyCount "119"]
[EventDate "1996.10.??"]
[EventType "team-tourn"]
[EventRounds "9"]
[EventCountry "GER"]
[SourceTitle "GER-chT2"]
[Source "ChessBase"]
[SourceDate "1999.07.01"]
[SourceVersion "1"]
[SourceVersionDate "1999.07.01"]
[SourceQuality "1"]
[WhiteTeam "Koeln Porz II"]
[BlackTeam "Muenster"]
[WhiteTeamCountry "GER"]
[BlackTeamCountry "GER"]

1. e4 c5 2. Nf3 e6 3. d4 cxd4 4. Nxd4 Nc6 5. Nb5 d6 6. c4 Nf6 7. N1c3 a6 8. Na3 b6 9. Nc2 Be7 10. Ne3 0-0 11. Be2 Bb7 12. 0-0 Nb8 13. f3 Nbd7 14. Qd2 Qc7 15. b3 Rac8 16. Bb2 Qb8 17. Rad1 Rfe8 18. Kh1 Bf8 19. Bd3 Red8 20. Qf2 Qc7 21. Qg3 Qc5 22. f4 Qc7 23. b4 Kh8 24. Qh4 e5 25. Ncd5 Bxd5 26. exd5 e4 27. Bb1 Re8 28. a4 Qd8 29. Rc1 g6 30. f5 Bg7 31. g4 Ne5 32. g5 Nfd7 33. f6 Bf8 34. Bxe4 b5 35. cxb5 Rxc1 36. Rxc1 Qb6 37. Nc2 axb5 38. a5 Qa7 39. Nd4 Nc4 40. Bc3 Nde5 41. Qf4 Qd7 42. Rg1 Kg8 43. Rg3 Rc8 44. Bg2 Qe8 45. Qe4 Rc7 46. h4 h5 47. Nc6 Rc8 48. Bf1 Nxc6 49. Qxe8 Rxe8 50. dxc6 d5 51. Rd3 Rc8 52. Bg2 Rxc6 53. Bxd5 Rc7 54. a6 Ra7 55. Bb7 Nd6 56. Bd4 Rxb7 57. axb7 Nxb7 58. Bc3 Nd6 59. Rd5 Nf5 60. Be1 1-0

[Event "BL2-West 9596"]
[Site "Germany"]
[Date "1996.??.??"]
[Round "?.6"]
[White "Matthaei, Alexander"]
[Black "Maniocha, Marek"]
[Result "1-0"]
[WhiteElo "2325"]
[BlackElo "2200"]
[PlyCount "113"]
[EventDate "1995.10.??"]
[EventType "team-tourn"]
[EventRounds "9"]
[EventCountry "GER"]
[SourceTitle "GER-chT2"]
[Source "ChessBase"]
[SourceDate "1999.07.01"]
[SourceVersion "1"]
[SourceVersionDate "1999.07.01"]
[SourceQuality "1"]
[WhiteTeam "Koeln Porz II"]
[BlackTeam "Plettenberg"]
[WhiteTeamCountry "GER"]
[BlackTeamCountry "GER"]

1. e4 e5 2. Nf3 Nc6 3. Nc3 Nf6 4. d4 d6 5. dxe5 Nxe5 6. Nxe5 dxe5 7. Qxd8+ Kxd8 8. Bg5 c6 9. 0-0-0+ Kc7 10. f4 h6 11. Bxf6 gxf6 12. f5 Rg8 13. g3 b5 14. Be2 Bb7 15. Rd3 Be7 16. Rhd1 Rad8 17. Rxd8 Rxd8 18. Rxd8 Kxd8 19. Nd1 Bc5 20. Kd2 Ke7 21. Ne3 Bxe3+ 22. Kxe3 a6 23. c4 bxc4 24. Bxc4 a5 25. Kd3 c5 26. Bb3 Bc6 27. Bc2 Bb5+ 28. Kc3 Kd6 29. Bd3 Bd7 30. Kb3 Bc6 31. Kc4 Bd7 32. Be2 Bc6 33. Bf3 Bd7 34. Bh5 Bc6 35. Kd3 c4+ 36. Kxc4 Bxe4 37. Kb5 Bd3+ 38. Kxa5 Kc7 39. Bxf7 Bxf5 40. Kb4 Bd3 41. Kc3 Be4 42. b4 Kb6 43. a4 Bg2 44. a5+ Kb5 45. Bc4+ Kc6 46. Bd3 Bd5 47. Ba6 Bf3 48. b5+ Kc7 49. b6+ Kb8 50. Bb5 Kb7 51. Kc4 e4 52. Kd4 f5 53. Bc4 Bg4 54. Kc5 e3 55. a6+ Kc8 56. Be6+ Kd8 57. a7 1-0